000 00930nam a2200253Ia 4500
003 OSt
005 20221005113526.0
006 a|||||r|||| 00| 0
007 ta
008 221004b |||||||| |||| 00| 0 pan d
020 _a9789351121831 (hbk)
_cINR 150.00
024 _a32245
037 _b794, 06/03/2017, H.K. Prakashan
_cTextual
040 _aCRL
_cCRL
_bpan
041 _2pan
_apan
082 _aO153,3NMAx, Q6
100 _aਮਾਂਗਟ, ਸਰਬਜੀਤ ਕੌਰ, ਂਚ.
245 0 _aਕਹਾਣੀ ਨਹੀ੍ਵ
_b ਔਰਤ ਦੀ ਗਾਥਾ
260 _aਲੁਧਿਆਨਾ
_bਚੇਤਨਾ ਪ੍ਰਕਾFਨ ਭਾਰਤ
_c2016
300 _a112ਪ੍ਰ0
_ccm.
650 _a ਪੰਜਾਬੀ ਨਾਵਲ
942 _hO153,3NMAx, Q6
_cTEXL
_2cc
999 _c1028475
_d1028475